Catálogo

Escudos reales, pesos y centavos : (Registro nro. 24125)

Detalles MARC
000 -LEADER
fixed length control field 01713cam a2200385 i 4500
001 - CONTROL NUMBER
control field 24125
003 - CONTROL NUMBER IDENTIFIER
control field Mx-PuUPA
005 - DATE AND TIME OF LATEST TRANSACTION
control field 20251002092058.0
008 - FIXED-LENGTH DATA ELEMENTS--GENERAL INFORMATION
fixed length control field 140415s2014 mx a gr 001 0 spa d
020 ## - INTERNATIONAL STANDARD BOOK NUMBER
International Standard Book Number 9786079655402
040 ## - CATALOGING SOURCE
Transcribing agency Mx-PuUPA
Original cataloging agency Mx-PuUPA
Language of cataloging spa
Modifying agency Mx-PuUPA
Description conventions rda
041 0# - LANGUAGE CODE
Language code of text/sound track or separate title spa
043 ## - GEOGRAPHIC AREA CODE
Geographic area code n-mx---
245 10 - TITLE STATEMENT
Title Escudos reales, pesos y centavos :
Remainder of title apuntes sobre piezas relevantes de un gran patrimonio histórico de México /
Statement of responsibility, etc. Juan José de la Cruz Arana, Juan Cristóbal Díaz Negrete, Rocío Hernández García, Alberto Quintero Covarrubias, Marina Salcedo Hernández, autores ; Juan Cristóbal Díaz Negrete, coordinador ; Agustín Guillermo Carstens Carstens, presentación
250 ## - EDITION STATEMENT
Edition statement Primera edición
264 #1 - PRODUCTION, PUBLICATION, DISTRIBUTION, MANUFACTURE, AND COPYRIGHT NOTICE
Place of production, publication, distribution, manufacture México, D.F. :
Name of producer, publisher, distributor, manufacturer Banco de México,
Date of production, publication, distribution, manufacture, or copyright notice 2014
300 ## - PHYSICAL DESCRIPTION
Extent 172 páginas :
Other physical details ilustraciones, tablas ;
Dimensions 23 cm
336 ## - CONTENT TYPE
Fuente rdacontent
Content type term texto
Content type code txt
337 ## - MEDIA TYPE
Source rdamedia
Media type term sin medio
Media type code n
338 ## - CARRIER TYPE
Source rdacarrier
Carrier type term volumen
Carrier type code nc
490 0# - SERIES STATEMENT
Series statement Moneda e Historia - Estudios
650 #7 - SUBJECT ADDED ENTRY--TOPICAL TERM
Source of heading or term armarc
Topical term or geographic name entry element Numismática
Geographic subdivision México
General subdivision Historia
Chronological subdivision Siglo XIX
650 #7 - SUBJECT ADDED ENTRY--TOPICAL TERM
Source of heading or term armarc
Topical term or geographic name entry element Casa de Moneda (México)
650 #7 - SUBJECT ADDED ENTRY--TOPICAL TERM
Source of heading or term armarc
Topical term or geographic name entry element Acuñación
Geographic subdivision México
General subdivision Historia
700 1# - ADDED ENTRY--PERSONAL NAME
Personal name Cruz Arana, Juan José de la,
Relator term autor
9 (RLIN) 17494
700 1# - ADDED ENTRY--PERSONAL NAME
Personal name Díaz Negrete, Juan Cristóbal,
Relator term autor
-- coordinador
700 1# - ADDED ENTRY--PERSONAL NAME
Personal name Hernández García, Rocío
Relator term autor
700 1# - ADDED ENTRY--PERSONAL NAME
Personal name Quintero Covarrubias, Alberto,
Relator term autor
700 1# - ADDED ENTRY--PERSONAL NAME
Personal name Salcedo Fernández, Marina,
Relator term autor
700 1# - ADDED ENTRY--PERSONAL NAME
Personal name Carstens Carstens, Agustín Guillermo,
Relator term autor de presentación
942 ## - ADDED ENTRY ELEMENTS (KOHA)
Source of classification or shelving scheme Dewey Decimal Classification
Koha item type Libro
Classification part 737.4972
Item part E74
Existencias
Withdrawn status Lost status Source of classification or shelving scheme Damaged status Not for loan Collection code Home library Current library Shelving location Date acquired Source of acquisition Cost, normal purchase price Total Checkouts Full call number Barcode Date last seen Cost, replacement price Price effective from Koha item type
    Dewey Decimal Classification     General Biblioteca Karol Wojtyla Biblioteca Karol Wojtyla Sala general 03/12/2013 Donación 0.00   737.4972 E74 2014 45070 05/01/2026 0.00 03/12/2013 Libro